| 000 | 00570nam a2200193 i 4500 | ||
|---|---|---|---|
| 001 | 56734 | ||
| 003 | ES-MaACL | ||
| 005 | 20240209181032.0 | ||
| 007 | t| | ||
| 008 | 031013s1974 sp ||||1| spa d | ||
| 100 | 1 |
_aDieterich, Genoveva. _9160205 |
|
| 245 | 1 | 0 |
_aPequeño diccionario del teatro mundial / _cGenoveva Dieterich. |
| 260 |
_aMadrid : _bIstmo, _c[1974] |
||
| 300 |
_a293 p. ; _c18 cm. |
||
| 490 | 1 |
_aFundamentos ; _v38 |
|
| 830 | 0 | 0 |
_aFundamentos (Ediciones Istmo) _v38 _9121682 |
| 852 |
_aES-MaACL _jE-8972 _bR.93420 |
||
| 999 |
_c56734 _d56734 |
||